Reforming a system that cannot reform itself: Child welfare reform by Class Action Lawsuits (Record no. 513199)

000 -LEADER
fixed length control field 00416nam a2200133 4500
008 - FIXED-LENGTH DATA ELEMENTS--GENERAL INFORMATION
fixed length control field 200129b ||||| |||| 00| 0 eng d
100 ## - MAIN ENTRY--PERSONAL NAME
Personal name Lee, Joyce Y. et al
245 ## - TITLE STATEMENT
Title Reforming a system that cannot reform itself: Child welfare reform by Class Action Lawsuits
260 ## - PUBLICATION, DISTRIBUTION, ETC. (IMPRINT)
Name of publisher, distributor, etc Social Work
300 ## - PHYSICAL DESCRIPTION
Extent 64(4), Oct, 2019: p.283-291.
773 ## - HOST ITEM ENTRY
Main entry heading Social Work
906 ## - LOCAL DATA ELEMENT F, LDF (RLIN)
Subject DIP Child welfare
942 ## - ADDED ENTRY ELEMENTS (KOHA)
Source of classification or shelving scheme
Item type Articles
Holdings
Withdrawn status Lost status Source of classification or shelving scheme Damaged status Not for loan Permanent location Current location Date acquired Serial Enumeration / chronology Barcode Date last seen Koha item type
          Indian Institute of Public Administration Indian Institute of Public Administration 2020-01-29 64(4), Oct, 2019: p.283-291. AR122441 2020-01-29 Articles

Powered by Koha